| 000 | 01142cam a22003613a 4500 | ||
|---|---|---|---|
| 001 | 19235 | ||
| 003 | PGUSA | ||
| 005 | 20140828083416.0 | ||
| 008 | 060911s2006||||xxu|||||s|||||000 1 eng d | ||
| 040 |
_aPGUSA _beng |
||
| 042 | _adc | ||
| 050 | 4 | _aPZ | |
| 100 | 1 |
_aMunroe, Kirk, _d1850-1930 |
|
| 245 | 1 | 0 |
_aUnder the Great Bear _h[electronic resource] / _cKirk Munroe |
| 260 |
_bProject Gutenberg, _c2006 |
||
| 506 | _aPublic domain in the USA. | ||
| 516 | _aElectronic text | ||
| 653 | _aShipwreck survival -- Juvenile fiction | ||
| 653 | _aMothers and daughters -- Juvenile fiction | ||
| 653 | _aNatural history -- Juvenile fiction | ||
| 653 | _aSailors -- Juvenile fiction | ||
| 653 | _aRobinsonades | ||
| 653 | _aIslands -- Juvenile fiction | ||
| 653 | _aShipwrecks -- Juvenile fiction | ||
| 653 | _aAdventure stories | ||
| 653 | _aVoyages and travels -- Juvenile fiction | ||
| 653 | _aConduct of life -- Juvenile fiction | ||
| 653 | _aOrphans -- Juvenile fiction | ||
| 700 | 1 |
_aGiles, Howard, _d1876-1955 |
|
| 830 | 0 |
_aProject Gutenberg _v19235 |
|
| 856 | 4 | 0 | _uhttp://www.gutenberg.org/ebooks/19235 |
| 942 | _cEB | ||
| 999 |
_c248490 _d248490 |
||